Score 0/18 Timer 02:00
1 Play Today
Clue Answer % Correct
First LadderSEEN
93.7%
First LadderSEED
93.4%
Second LadderPOLO
90.4%
First LadderSEAN
82.6%
Second LadderROLO
79.2%
First LadderCORD
70.5%
Second LadderROTO
70.3%
First LadderHEED
66.2%
Second LadderAUTO
62.8%
Clue Answer % Correct
First LadderCOED
62.2%
Second LadderAUTH.
61.8%
First LadderHOED
60.5%
Second LadderRUTH
59.9%
Second LadderROTH
54.2%
First LadderFORD
47%
First LadderSTAN
45.7%
Second LadderPALO
42.5%
Second LadderALTO
41.7%

Today's Daily Dose

Missing Word
I Hardly Know Her!

Word Ladder
Sentence Ending

Quick Pick
Female Firsts

Get the Picture
Triathlon Sports

Remove Ads.
Support Sporcle.
Get the best of Sporcle when you Go Orange. This ad-free experience offers more features, more stats, and more fun while also helping to support Sporcle. Thank you for becoming a member.

You're not logged in!

Compare scores with friends on all Sporcle quizzes.
OR
Log In

Show Comments

Extras

Top Quizzes Today


Score Distribution

Your Account Isn't Verified!

In order to create a playlist on Sporcle, you need to verify the email address you used during registration. Go to your Sporcle Settings to finish the process.

Report this User

Report this user for behavior that violates our Community Guidelines.

Details: